|
|
|
|
| LEADER |
00000cam a2200000 7i4500 |
| 001 |
0000129915 |
| 005 |
20190116.0 |
| 008 |
190116s2018 uus 01 0 eng |
| 020 |
|
|
|a 9781465478191
|
| 040 |
|
|
|a PERPUSTAM
|b eng
|c PERPUSTAM
|e rda
|
| 090 |
0 |
0 |
|a 363.73874
|b JUN
|
| 100 |
1 |
|
|a Juniper, Tony ,
|e author
|
| 240 |
1 |
0 |
|a What's really happening to our planet?
|
| 245 |
1 |
0 |
|a HOW WE'RE F***ING UP OUR PLANET
|c Tony Juniper
|
| 246 |
3 |
1 |
|a How we are f***ing up our planet
|
| 246 |
3 |
1 |
|a How we are fucking up our planet
|
| 264 |
|
1 |
|a New York, New York :
|b DK Publishing
|c 2018
|
| 300 |
|
|
|a 223 pages :
|b color illustrations ;
|c 24 cm.
|
| 336 |
|
|
|a text, rdacontent
|
| 337 |
|
|
|a unmediated
|2 rdamedia
|
| 338 |
|
|
|a volume
|2 rdacarrier
|
| 500 |
|
|
|a Includes bibliographical references (pages 219-223) and index
|
| 650 |
1 |
0 |
|a Human ecology
|
| 650 |
2 |
0 |
|a Nature
|x Effect of human beings on
|
| 999 |
|
|
|a 0000541832
|b Buku
|c Rak Terbuka
|e Perbadanan Perpustakaan Awam Melaka
|